zpět

Detail výsledku týmu

Infinity c&c bar, Zlín

Datum a čas kvízu

22.5 Celkem bodů Celkový počet nahraných bodů na tomto kvízu bez doplňovacích otázek.
5. Pořadí na kvízu Konečné umístění týmu na tomto kvízu.

Zaznamenané odpovědi

# Otázka Odpověď Body Výsledky
1. Sobotní vyhlašování cen Český... 0
2. Do prodejny mobilů přišla žena... 0
3. Mark Hamill se ve čtvrtek dočk... 1
4. Na letošním ženevském autosalo... 0
5. Petr Čech překonal v nedělním... 1
6. V tomto tématu si posvítíme na... 0.5
7. Které jsou nejrozšířenější jaz... 0.5
8. Největší jezera na světě co do... 0
9. Státy USA s největší rozlohou:... 0.5
10. Státy Evropské unie podle rozl... 0